| 000 -LEADER |
| fixed length control field |
00425nam a22001337a 4500 |
| 008 - FIXED-LENGTH DATA ELEMENTS--GENERAL INFORMATION |
| fixed length control field |
210823b ||||| |||| 00| 0 eng d |
| 100 ## - MAIN ENTRY--PERSONAL NAME |
| Personal name |
Habib, Irfan |
| 245 ## - TITLE STATEMENT |
| Title |
The UGC’s ‘Framework’ for teaching Indian history to undergraduates: A note |
| 260 ## - PUBLICATION, DISTRIBUTION, ETC. (IMPRINT) |
| Place of publication, distribution, etc |
Social Scientist |
| 300 ## - PHYSICAL DESCRIPTION |
| Extent |
49(3-4), Mar-Apr, 2021: p.21-28 |
| 773 ## - HOST ITEM ENTRY |
| Main entry heading |
Social Scientist |
| 906 ## - LOCAL DATA ELEMENT F, LDF (RLIN) |
| Subject DIP |
HISTORY - STUDY AND TEACHING |
| 942 ## - ADDED ENTRY ELEMENTS (KOHA) |
| Item type |
Articles |